000 01284cam a2200277 4500
001 ##L133233
008 060421n2006 000 0 eng u
020 _a0860176541
_a9781860176548
035 _a(Sirsi) u133233
041 0 _aeng
050 0 4 _a690.22 $2 18
100 1 _aSkinner, Hilary
245 0 0 _aTower crane stability
260 _aLondon
_bCIRIA
_c2006
300 _axii, 91p.
_bill.
_c30cm.
350 _a80
490 0 _aCIRIA
_vC654
505 2 _aIntroduction -- Design -- On site -- Loading and structural elements -- Foundations -- Standards and timetables for change
520 _aProvides guidance on the safe design of foundations for, and use of, tower cranes. Explains the main causes of tower crane failure and critical hazards, and looks at all the relevant health and safety issues. Highlights key situations in which a specialist should be consulted. Presents a current understanding of best practice based on the experience of a wide cross-section of the industry. Aimed at temporary and permanent works designers, building designers, site managers and crane operators.
520 _aAccompanied by a CD.
690 _aHealth and safety
_96244
700 1 _aWatson, Tim
700 1 _aDunkley, Bob
700 1 _aBlackmore, Paul
942 _n0
999 _c105360
_d105360